A more imperfect union how inequity, debt, and economics undermine the American dream /

Bibliographic Details
Main Author: Jennings, James L., 1941-
Corporate Author: ProQuest (Firm)
Format: Electronic eBook
Language:English
Published: New York : Algora Pub., c2012.
Subjects:
Online Access:Click to View
LEADER 02143nam a2200445 a 4500
001 EBC864151
003 MiAaPQ
005 20200520144314.0
006 m o d |
007 cr cn|||||||||
008 120123s2012 nyua sb 001 0 eng d
010 |z  2012001687 
020 |z 9780875869186 (soft cover : alk. paper) 
020 |z 9780875869193 (hard cover : alk. paper) 
020 |z 9780875869155 
020 |a 9780875869209 (electronic bk.) 
020 |a 9780875869179 (electronic bk.) 
035 |a (MiAaPQ)EBC864151 
035 |a (Au-PeEL)EBL864151 
035 |a (CaPaEBR)ebr10558443 
035 |a (OCoLC)821198654 
040 |a MiAaPQ  |c MiAaPQ  |d MiAaPQ 
043 |a n-us--- 
050 4 |a HJ8119  |b .J46 2012 
082 0 4 |a 330.973  |2 23 
100 1 |a Jennings, James L.,  |d 1941- 
245 1 2 |a A more imperfect union  |h [electronic resource] :  |b how inequity, debt, and economics undermine the American dream /  |c James L. Jennings. 
260 |a New York :  |b Algora Pub.,  |c c2012. 
300 |a xv, 248 p. :  |b ill. 
504 |a Includes bibliographical references and index. 
505 0 |a Introduction -- Money and debt -- Income -- Money flows -- Productivity -- Cycles -- Saving, savings, and debt -- Government and inflation -- Investment and economic growth -- The rate of interest -- Profits -- Money demand and velocity -- Monetary policy -- Fiscal policy -- Labor -- Debt and the economic cycle -- Foreign affairs -- Poverty -- Economic theory -- Conclusion -- Bibliography -- Index -- List of figures and tables. 
533 |a Electronic reproduction. Ann Arbor, MI : ProQuest, 2015. Available via World Wide Web. Access may be limited to ProQuest affiliated libraries. 
650 0 |a Debts, Public  |z United States. 
650 0 |a Monetary policy  |z United States. 
651 0 |a United States  |x Economic conditions  |y 21st century. 
651 0 |a United States  |x Social conditions  |y 21st century. 
651 0 |a United States  |x Foreign relations  |y 21st century. 
655 4 |a Electronic books. 
710 2 |a ProQuest (Firm) 
856 4 0 |u https://ebookcentral.proquest.com/lib/matrademy/detail.action?docID=864151  |z Click to View